Microsoft Power Point (Record no. 5914)

MARC details
005 - DATE AND TIME OF LATEST TRANSACTION
control field 20250628090158.0
020 ## - INTERNATIONAL STANDARD BOOK NUMBER
International Standard Book Number 0070125732
082 ## - DEWEY DECIMAL CLASSIFICATION NUMBER
Classification number 001.64 O'LE
100 ## - MAIN ENTRY--PERSONAL NAME
Author name O'LEARY,T.
245 ## - TITLE STATEMENT
Title Microsoft Power Point
260 ## - PUBLICATION, DISTRIBUTION, ETC.
Place of publication, distribution, etc. New York
Name of publisher, distributor, etc. Mc Graw Hill,
Date of publication, distribution, etc. 1998
300 ## - PHYSICAL DESCRIPTION
Extent 124p.
Other physical details Index
Dimensions 25cm.
942 ## - ADDED ENTRY ELEMENTS (KOHA)
Source of classification or shelving scheme Dewey Decimal Classification
Koha item type Books
Holdings
Date last seen Total checkouts Full call number Barcode Cost, replacement price Price effective from Koha item type Lost status Source of classification or shelving scheme Damaged status Not for loan Withdrawn status Home library Current library Shelving location Date acquired Source of acquisition Cost, normal purchase price
06/28/2025   001.64 O'LE DOM0002472 90000.00 06/28/2025 Books   Dewey Decimal Classification       CBE Dodoma CBE Dodoma General Collection 01/07/2002 Library budget 30000.00